000 01015nam a2200277 i 4500
003 DO-SdBNP
005 20260409210342.0
006 a||||fr|||| 00| 0
007 ta
008 230908e2022 dr ad||| |||| 00| 0 spa d
040 _aDO-SdBNP
_bspa
_cBNPHU
_erda
082 4 _222
_bP967a
245 0 0 _aProtocolo de actualización del Plan Municipal de Desarrollo (PMD). /
_cPresentación, Kelvin Cruz
264 1 _aSanto Domingo :
_bFEDOMU,
_c2022
300 _a13 páginas :
_bIlustraciones, gráficas ;
_c21 cm.
336 _2rdacontent
_atexto
_btxt
337 _2rdamedia
_asin mediación
_bn
338 _2rdacarrier
_avolumen
_bnc
500 _aEsta publicación se realiza en el marco del Proyecto Capacidades para la Gobernanza Local y Servicios de Calidad.--
590 _aInventariado 2023 / MF
700 2 _aCruz, Kelvin,
_981450
_epresentación
710 2 _aFederación Dominicana de Municipios
_981790
710 2 _aFundación Solidaridad
_984087
710 2 _aUnión Europea
_984088
942 _2ddc
_cLF2
999 _c54661
_d54661